000 00946cab a2200217 4500
001 ABS39931
008 090401t1988 xxu||||| |||| 00| 0 eng d
035 _a(Sirsi) u20145
041 _aeng
100 _aEmbling, J
245 _aConsumer choice
260 _c1988
350 _a0
490 _aChartered Quantity Surveyor
_v11(3) November 1988, 38-39(2)
520 _aThe shell and core option has become very popular in the central London office market over the last few years, where there has been very strong demand for space combined with limited supply, resulting in many pre-lettings. This article briefly discusses the problems of operating in the UK caused mainly by lack of experience in this field and compares the British concept of shell and core with that of the USA where it originated.
650 _aFITTING OUT
650 _aTENANTS REQUIREMENTS
690 _aBUILT ENVIRONMENT
942 _n0
948 _c04/03/1997
999 _c13497
_d13497